Daves in Television Quiz Stats

Quiz Updated May 17, 2014

Also try: Click a Dave
Challenge
Share
Tweet
Embed
Score 0/14 Timer 04:00
0 Plays Today
Hint Answer % Correct
'Late Show' host and rival of Jay LenoDavid Letterman
93.6%
The 'Knight Rider', he also had a prominent role on 'Baywatch'David Hasselhoff
87.9%
The only person on the quiz whose last name is David, he co-created 'Seinfeld'Larry David
83%
Illusionist/magician whose specials have won 21 EmmysDavid Copperfield
82.4%
Former SNL cast member who was Dennis on 'Just Shoot Me'David Spade
75.1%
He played Mulder to Gillian Anderson's Scully on 'The X-Files'David Duchovny
74.1%
His post-Watergate TV interview of Nixon became the focus of a 2006 play and 2008 filmDavid Frost
70.5%
Hint Answer % Correct
He plays Lt. Caine on 'CSI: Miami'....*puts on sunglasses*David Caruso
66.9%
He suddenly quit his eponymous Comedy Central sketch show in 2005Dave Chappelle
64.1%
Played Niles Craine, Frasier's brother on 'Frasier'David Hyde Pierce
58.4%
Played Jerry on Disney Channel's 'Wizards of Waverly Place' but his father, Dom, is more widely knownDavid DeLuise
53.2%
Bespectacled actor who played Tobias on 'Arrested Development'David Cross
40.7%
'Doogie Howser' and 'Ally McBeal' creatorDavid E. Kelley
24.1%
'NYPD Blue' writer who went on to create 'House, MD'David Shore
7.1%

You're not logged in!

Compare scores with friends on all Sporcle quizzes.
Sign Up with Email
OR
Log In

You Might Also Like...

Show Comments

Extras

Top Quizzes Today


Score Distribution

Your Account Isn't Verified!

In order to create a playlist on Sporcle, you need to verify the email address you used during registration. Go to your Sporcle Settings to finish the process.